Didáctica de los grados superiores

Saved in:
Bibliografiske detaljer
Hovedforfatter: Verdaguer, Roberto (Author)
Format: Bog
Sprog:spansk
Udgivet: La Habana Cultural 1942
Fag:
Tags: Tilføj Tag
Ingen Tags, Vær først til at tagge denne postø!

MARC

LEADER 00000nam a2200000 a 4500
001 UCU0618
003 CL-VaPUC
008 960322e19420000CU |||||||||||||||||spa|d
082 0 4 |a 373.19  |b VER  |2 21 
100 0 |a Verdaguer, Roberto  |e author  |9 355950 
245 1 0 |a Didáctica de los grados superiores 
300 |a 232 p 
942 |c BK 
945 |d 19960322 00:00:00  |a paguirre 
260 |a La Habana  |b Cultural  |c 1942 
650 7 |a ECONOMIA DOMESTICA  |2 CL-VaPUC  |9 338711 
650 0 |a Matemáticas  |x Enseñanza  |9 875527 
650 0 |a Educación moral  |9 308319 
650 0 |a Educación lingüística  |9 306506 
650 0 |a Enseñanza de la música  |9 339802 
583 |a last modification  |c 20170824 09:40:08  |k Rodrigo Vera 
999 |c 245457  |d 245455 
952 |0 0  |1 0  |4 0  |6 373_190000000000000_VER_1942  |7 0  |8 P  |9 259966  |a BIBEDU  |b BIBEDU  |c BIBEDU_PB  |d 2019-11-19  |i 1637088  |o 373.19 VER 1942  |p 1637088  |r 2024-01-25  |w 2019-11-19  |y BK  |k EDU